Statistics for Britain's Industrial Revolution

Click here to take the quiz!

General Stats

  • This quiz has been taken 79 times
  • The average score is 5 of 15

Answer Stats

HintAnswer% Correct
Scottish engineer who significantly improved the efficiency of the steam engineJames Watt
68%
Mining and burning of this fossil fuel helped to drive the industrial revolutionCoal
65%
Two places connected in 1830 by the world's first inter-city railwayLiverpool
60%
Manchester
60%
Engineer of the Great Western Railway and the SS Great BritainIsambard Kingdom Brunel
37%
Widely considered as the 'Father of Railways'George Stephenson
32%
County in which the world's first iron bridge was constructed in 1781Shropshire
29%
Cornish chemist and inventor of a miner's safety lampHumphry Davy
25%
Nickname given to Manchester dues to its importance in the textile industryCottonopolis
21%
Textile for which the town of Macclesfield became well knownSilk
19%
Inventor and namesake of a steel making processHenry Bessemer
17%
Winner of the 1829 Rainhill trials, held to choose a locomotive for the above railwayRocket
17%
Britain's first major canal, opened to transport the above mineral to Manchester{Bridgewater} Canal
14%
Legal bodies established to improve and maintain roads though toll collection{Turnpike} Trusts
11%
Pioneering canal engineer, who worked on more than 300 canalsJames Brindley
6%

Score Distribution

Percentile by Number Answered

Percent of People with Each Score

Your Score History

You have not taken this quiz